01244cam a2200301 i 4500001000700000003000700007005001700014008004100031020003800072040002400110042000900134084001000143090001000153100002000163245008000183246003200263246003200295250001100327260003400338300003000372490002700402650002500429650002500454830002700479942001400506999001500520952040700535545642YEEZEN20250724154333.0241101s2024 ch a g 000 0 chi d a9789861366968q(平裝) :cNT$400 aNAERbchicTAEeCCR anbic a176.5 a176.51 a蔡康永,e著10a你願意, 人生就會值得 :b蔡康永的情商課 .n3 /c蔡康永著3 a你願意人生就會值得30a蔡康永的情商課 .n3. a初版 a臺北市 :b如何,c2024.08 a282面 :b圖 ;c21公分1 aHappy Learning ;v213. 7a情緒商數2lcstt. 7a情緒管理2lcstt. 0aHappy Learning ;v213. 2cclcBOOK c7666d7666 00102ccl4070ayeezenbyeezencYEEZENd2025-07-24l9m3o176.5pC03252r2026-03-02 00:00:00s2026-02-23w2025-07-24yBOOKz這本《你願意,人生就會值得》,則談情商要像水滴般的累積,而不是一躍過龍門。那些一步登天的美麗傳說,確實會發生在某些人身上,但通常那樣的故事,背後總是藏了不少其他的原因,只是被講得像一步登天而已。